| 000 | 00557nam a2200193 u 4500 | ||
|---|---|---|---|
| 005 | 20231107063620.0 | ||
| 008 | 100928s2006 r 000 0 eng d | ||
| 020 | _a9871021593 (10 dígitos) | ||
| 020 | _a9789871021598 (13 dígitos) | ||
| 035 | _aUPN01000177957 | ||
| 049 | _aCG | ||
| 050 | 4 |
_aGR931 _bC8.4 |
|
| 100 | 1 | _aCiurana, Emilio Ángel | |
| 245 | 1 | 3 |
_aEl libro de los símbolos / _cEmilio Ángel Ciurana. |
| 260 |
_aBuenos Aires : _bPluma y papel, _cc2006. |
||
| 300 |
_a159 p. : _bil. |
||
| 650 | 4 |
_aSignos y símbolos _96045 |
|
| 905 | _aLibro | ||
| 999 |
_c150060 _d150060 |
||